Sports Quiz

Random Sports Quiz

CQ All Time Ranking/Cycling Quiz Stats

Quiz not verified by Sporcle

Challenge
Share
Tweet
Embed
Score 0/100 Timer 12:00
0 Plays Today
Nationality Answer % Correct
ESPAlejandro Valverde
99.3%
SVKPeter Sagan
96.9%
SUIFabian Cancellara
96.5%
ESPAlberto Contador
95.8%
ITAVincenzo Nibali
95.3%
GERErik Zabel
94.9%
ESPJoaquim Rodriguez
94.2%
ITAAlessandro Petacchi
94.2%
BELPhilippe Gilbert
94%
AUSCadel Evans
93.1%
LUXFrank Schleck
92.5%
NOREdvald Boasson Hagen
92.2%
ITADamiano Cunego
92%
BELTom Boonen
90.7%
GBRMark Cavendish
90.5%
KAZAlexandre Vinokourov
90.5%
USALevi Leipheimer
89.1%
ITAPaolo Bettini
88.7%
RUSDenis Menchov
88%
ESPOscar Freire
87.6%
NORAlexander Kristoff
87.6%
USALance Armstrong
87.4%
BELChris Froome
86.9%
ESPGreg van Avermaet
86%
GERTony Martin
86%
GERAndre Greipel
85.1%
AUSRobbie McEwen
84.7%
FRARomain Bardet
84%
ITAIvan Basso
83.6%
GBRSamuel Sanchez
82.9%
USAGeorge Hincapie
80.9%
ITADanilo Di Luca
80.5%
GERJens Voigt
78.7%
PORRui Costa
78.7%
Nationality Answer % Correct
ITADavide Rebellin
78.5%
FRASylvain Chavanel
78.5%
ESPCarlos Sastre
77.2%
GBRDavid Millar
76.9%
FRAThomas Voeckler
76.7%
ITAMichele Scarponi
76.5%
ESPDani Moreno
75.8%
COLNairo Quintana
75.6%
ITAFilippo Pozzato
74.9%
ITAStefano Garzelli
74.5%
AUSStuart O'Grady
74.1%
ITADaniele Bennati
72.9%
NEDRobert Gesink
71.6%
ITADomenico Pozzovivo
71.6%
GBRBradley Wiggins
71.2%
AUSRichie Porte
70.3%
NEDBauke Mollema
69.8%
ESPFrancisco Mancebo
69.4%
FRANacer Bouhanni
69.4%
ITAGilberto Simoni
68.5%
ESPJuan Antonio Flecha
67.8%
ITAFrancesco Casagrande
67.6%
AUSAllan Davis
67%
AUSSimon Gerrans
66.7%
ITAFranco Pellizotti
66.7%
ESPJose Joaquin Rojas
64.3%
ITAGiovanni Visconti
64.1%
USATyler Farrar
63.6%
NORThor Hushovd
63%
AUSMichael Matthews
63%
POLMichal Kwiatkowski
62.7%
ESPRoberto Heras
61.9%
FRAThibaut Pinot
61.9%
USAChris Horner
61.2%
Nationality Answer % Correct
FRASamuel Dumoulin
58.3%
GERAndreas Kloden
57.4%
USATejay van Garderen
57.4%
AUSMichael Rogers
57.2%
NEDMichael Boogerd
56.8%
GERJohn Degenkolb
56.5%
NEDNiki Terpstra
56.1%
FRADavid Moncoutie
54.3%
GERMarcel Kittel
54.1%
SPALuis Leon Sanchez
53.4%
ESPOscar Sevilla
53%
FRAPierrick Fedrigo
53%
LUXKim Kirchen
51.2%
ESPHaimar Zubeldia
49.9%
GERJan Ullrich
49.2%
IRLDaniel Martin
49%
CZERoman Kreuziger
49%
NEDTom Dumoulin
48.6%
COLRigoberto Uran
48.1%
ITARinaldo Nocentini
47.9%
ITALuca Paolini
47.2%
NEDErik Dekker
47.2%
GERFabian Wegmann
47%
FRAArnaud Demare
46.8%
ITADiego Ulissi
45.7%
DENMatti Breschel
45.7%
FRALaurent Jalabert
44.8%
SUIMichael Albasini
43.5%
ESTJaan Kirsipuu
43.2%
FRAChristophe Moreau
40.8%
DENJakob Fuglsang
35.5%
ITAAlessandro Ballan
33.9%

You're not logged in!

Compare scores with friends on all Sporcle quizzes.
Join for Free
OR
Log In

You Might Also Like...

Show Comments

Extras

Top Quizzes Today


Score Distribution

Your Account Isn't Verified!

In order to create a playlist on Sporcle, you need to verify the email address you used during registration. Go to your Sporcle Settings to finish the process.

Report this User

Report this user for behavior that violates our Community Guidelines.

Details: